| 000 | 01575nam a22003977a 4500 | ||
|---|---|---|---|
| 001 | 197948 | ||
| 003 | ES-MaACL | ||
| 005 | 20260609183842.0 | ||
| 007 | ta | ||
| 008 | 251111s2016 sp ||||| |||| 001 0 spa d | ||
| 017 |
_aGR 18-2016 _bOficina Depósito Legal Granada |
||
| 020 | _a978-84-9045-383-4 | ||
| 040 |
_aES-MaACL _bspa _cES-MaACL _erda |
||
| 080 | _a821.134.2 Ruiz Amezcua, Manuel 1.07 | ||
| 080 | _a821.134.2-14"19" | ||
| 130 | 0 |
_aSingularidad en la poesía de Manuel Ruiz Amezcua _9242496 |
|
| 245 | 1 | 0 |
_aSingularidad en la poesía de Manuel Ruiz Amezcua / _cedición prologada, revisada y aumentada por José María Balcells |
| 250 | _aSexta edición corregida y aumentada | ||
| 264 | 1 |
_aAlbolote, Granada : _bEditorial Comares, _c2016 |
|
| 264 | 4 | _a©2016 | |
| 300 |
_a594 páginas ; _c24 cm |
||
| 336 |
_2rdacontent _aTexto |
||
| 337 |
_2rdamedia _asin mediación |
||
| 338 |
_2rdacarrier _avolumen |
||
| 500 | _aEjemplar dedicado y firmado por el autor | ||
| 504 | _aBibliografía: páginas [583]-594. Índice | ||
| 600 | 1 | 4 |
_9242495 _aRuiz Amezcua, Manuel, _d1952- _xCrítica e interpretación |
| 655 | 7 |
_2tgfbne _9176539 _aPoesías |
|
| 700 | 1 |
_924862 _aBalcells, José María, _d1943- _epbl |
|
| 700 | 0 |
_9100652 _aRuiz Amezcua, Manuel, _d1952- _eaut |
|
| 852 |
_aES-MaACL _cDEPOJ _jA-15901 _xEncuadernación rústica _9206909 _hDonación: Manuel Ruiz Amezcua _zDedicatoria autógrafa del autor |
||
| 942 |
_cMONOGRAFIA _n0 |
||
| 999 |
_c197948 _d197948 |
||